Economic dynamics of financial capitalism: Labour market reforms, welfare state reduction, and the impact of technological changes (Record no. 531682)

000 -LEADER
fixed length control field 01539nam a22001577a 4500
008 - FIXED-LENGTH DATA ELEMENTS--GENERAL INFORMATION
fixed length control field 251008b ||||| |||| 00| 0 eng d
100 ## - MAIN ENTRY--PERSONAL NAME
Personal name Salvati, Luigi and Tridico, Pasquale
245 ## - TITLE STATEMENT
Title Economic dynamics of financial capitalism: Labour market reforms, welfare state reduction, and the impact of technological changes
260 ## - PUBLICATION, DISTRIBUTION, ETC. (IMPRINT)
Place of publication, distribution, etc The Indian Journal of Labour Economies
300 ## - PHYSICAL DESCRIPTION
Extent 68(2), Apr-Jun, 2025: p.348-366
505 ## - FORMATTED CONTENTS NOTE
Uniform Resource Identifier
520 ## - SUMMARY, ETC.
Summary, etc This article delves into the economic landscape of advanced countries in our current era, delineating the defining features and policies that shape it. Beginning with an examination of financial capitalism, we explore its close relationship with labour market reforms aimed at diminishing job security, weakening unions, and reducing workers' bargaining power. Moreover, we highlight the concurrent reduction of the welfare state's role, which, unless mitigated by addressing demand crises, poses challenges in financing workers' consumption. The intertwining dynamics of technological advancements are also scrutinised, with a focus on the associated risks and opportunities. Finally, we draw policy implications from these analyses, offering insights into navigating the complex economic terrain of the present era.- Reproduced

https://link.springer.com/article/10.1007/s41027-024-00524-2
650 ## - SUBJECT ADDED ENTRY--TOPICAL TERM
Topical term or geographic name as entry element Financial capitalism, Labour market reforms, Welfare state, Technological progress.
9 (RLIN) 57055
773 ## - HOST ITEM ENTRY
Main entry heading The Indian Journal of Labour Economies
942 ## - ADDED ENTRY ELEMENTS (KOHA)
Item type Articles
Holdings
Withdrawn status Lost status Source of classification or shelving scheme Damaged status Not for loan Permanent location Current location Date acquired Serial Enumeration / chronology Barcode Date last seen Koha item type
          Indian Institute of Public Administration Indian Institute of Public Administration 2025-10-08 68(2), Apr-Jun, 2025: p.348-366 AR137349 2025-10-08 Articles

Powered by Koha